ARRUPE JESUIT UNIVERSITY

CORONAVIRUS -STOP THE SPREAD - CLEAN,DISINFECT,COVER

Adam's ancestors (Record no. 65363)

MARC details
000 -LEADER
fixed length control field 00557nam a2200217Ia 4500
003 - CONTROL NUMBER IDENTIFIER
control field 0100
008 - FIXED-LENGTH DATA ELEMENTS--GENERAL INFORMATION
fixed length control field 130303s9999 xx 000 0 und d
040 ## - CATALOGING SOURCE
Transcribing agency ARRUPELIB
050 ## - LIBRARY OF CONGRESS CALL NUMBER
Classification number SPC. QH367.L4 1953
300 ## - PHYSICAL DESCRIPTION
Dimensions 23 cm
100 ## - MAIN ENTRY--PERSONAL NAME
Personal name Leakey, Louis Seymour Bazett
9 (RLIN) 44364
245 ## - TITLE STATEMENT
Title Adam's ancestors
Remainder of title an up-to-date outline of the Old Stone Age (Palaeolithic) and what is known about Man's origin and evolution
Statement of responsibility, etc L.S.B. Leakey
250 ## - EDITION STATEMENT
Edition statement 4th. ed.
260 ## - PUBLICATION, DISTRIBUTION, ETC. (IMPRINT)
Place of publication, distribution, etc London
Name of publisher, distributor, etc Methuen
Date of publication, distribution, etc 1953
300 ## - PHYSICAL DESCRIPTION
Extent xx, 244p. ;
650 ## - SUBJECT ADDED ENTRY--TOPICAL TERM
Topical term or geographic name as entry element Man
General subdivision Origin
9 (RLIN) 38181
650 ## - SUBJECT ADDED ENTRY--TOPICAL TERM
Topical term or geographic name as entry element Stone age
9 (RLIN) 21644
650 ## - SUBJECT ADDED ENTRY--TOPICAL TERM
Topical term or geographic name as entry element Man, Prehistoric
9 (RLIN) 21549
942 ## - ADDED ENTRY ELEMENTS (KOHA)
Source of classification or shelving scheme Library of Congress Classification
Koha item type SPC
Holdings
Withdrawn status Lost status Source of classification or shelving scheme Damaged status Not for loan Collection code Home library Current library Shelving location Date acquired Total Checkouts Full call number Barcode Date last seen Copy number Price effective from Koha item type
    Library of Congress Classification     Main Collection ARRUPE LIBRARY ARRUPE LIBRARY Main Collection 05/03/2013   QH367.L4 1953 46004002642 02/07/2019 1 05/03/2013 Monograph ( Printed materials)
    Library of Congress Classification     SPECIAL Collection ARRUPE LIBRARY ARRUPE LIBRARY REFERENCE 01/02/2019   SPC. QH367.L4 1953 46600003574 01/02/2019   01/02/2019 SPC

 

Arrupe Library. PO Box MP320 Mt Pleasant, Harare, Zimbabwe
263 242 745411|librarian@aju.ac.zw